000 00578nam a2200193 i 4500
001 31128
003 ES-MaACL
005 20250903022024.0
007 t|
008 030128s1961 sp ||||1| spa d
100 1 _aBeach, E. F.
_926765
245 1 0 _aModelos económicos /
_cE.F. Beach ; traducción del inglés por Alfonso García Barbancho.
260 _aMadrid :
_bAguilar,
_c1961.
300 _aXX, 241 p. ;
_c24 cm.
650 0 7 _aEconomía matemática
_2embne
_912034
700 0 _aBarbancho, Alfonso G.
_925380
852 _aES-MaACL
_jF-6279
999 _c31128
_d31128